000 00564nam a2200205Ia 4500
005 20250923145156.0
008 008 250917s9999 xx 000 0 eng d
037 _aTextual
040 _aDSWL
_beng
_cDSWL
041 _aeng
_2eng
084 _aS:7x, N69
_qDSWL
245 0 _aHealthy personality readings
_cEd.by H. Chiang
260 _aNew York
_b Van Nostrand Reinhold
_c1969
300 _a156p.
365 _aUSD
_b2.75
700 _aA.H. Maslow
_9832546
925 _g2.75
942 _cTEXL
_hS:7x, N69
999 _c1448092
_d1448092